La argentina del siglo 21 /

Guardado en:
Autor Principal: Terragno, Rodolfo H.
Formato: Libro
Publicado: Buenos Aires : Sudamericana/planeta, 1986
Materias:
Etiquetas: Agregar Etiqueta
Sin Etiquetas, Sea el primero en etiquetar este registro!
LEADER 00636nam a22002055a 4500
001 CEM.cems006222
005 20101111101711.0
008 130507s1986##################000#0#####d
003 CEMS
082 0 4 |a A864.4 
100 1 |a Terragno, Rodolfo H. 
245 1 0 |a La argentina del siglo 21 /  |c Rodolfo H. Terragno 
260 |a Buenos Aires :  |b Sudamericana/planeta,  |c 1986 
300 |a 189 p. 
653 |a Literatura 
653 |a Literatura argentina 
653 |a Ensayo 
653 |a Ensayo argentino 
859 |a CEMS  |b BIB. CEMS - 11 de abril  |h A864.4  |i T275-3  |p 14217.86  |t Ej.1 
859 |a CEMS  |b BIB. CEMS - 11 de abril  |h A864.4  |i T275-3  |p 14856.87  |t Ej.2